|
|
|
|
| LEADER |
00000cam a2200000 7i4500 |
| 001 |
0000003404 |
| 005 |
20051216.0 |
| 020 |
0 |
0 |
|a 9834264313
|
| 090 |
0 |
0 |
|a 307.7609595
|b MAL
|
| 110 |
1 |
0 |
|a Malaysia
|
| 245 |
1 |
0 |
|a National physical plan
|
| 260 |
0 |
0 |
|a Kuala Lumpur :
|b Federal Department of Town and Country Planning ,
|c 2005
|
| 300 |
|
|
|a iv, 186 p. :
|b ill., map. ;
|c 29.5 cm.
|
| 650 |
0 |
0 |
|a City planning \z Iran.
|
| 650 |
0 |
0 |
|a Regional planning \z Iran.
|
| 710 |
2 |
1 |
|a Federal Department of Town and Country Planning
|
| 999 |
|
|
|a 0000006376
|b Monograph
|c Open Shelf
|e Default branch
|
| 999 |
|
|
|a 0000006377
|b Monograph
|c Open Shelf
|e Default branch
|
| 999 |
|
|
|a 0000006378
|b Monograph
|c Open Shelf
|e Default branch
|
| 999 |
|
|
|a 0000006379
|b Monograph
|c Open Shelf
|e Default branch
|